|
|
|
|
| LEADER |
00000nam a22000007i 4500 |
| 001 |
IT\ICCU\UBO\1866441 |
| 003 |
ItRI |
| 005 |
20260115231820.0 |
| 008 |
021107s1983 xxk|||||| ||||| |||||c |
| 020 |
|
|
|a 0704323532
|
| 040 |
|
|
|b ita
|c importazione bologna sebina
|
| 041 |
|
7 |
|a eng
|2 ISO-639-2
|
| 100 |
1 |
|
|a Booth, Mark
|0 IT\ICCU\UBOV\705361
|4 aut
|
| 245 |
1 |
0 |
|a Camp /
|c Mark Booth.
|
| 260 |
|
|
|a London :
|b Quartet Books,
|c 1983
|
| 300 |
|
|
|a 189 p. :
|b ill. ;
|c 25 cm.
|
| 942 |
|
|
|2 ddc
|c BK
|n 0
|
| 952 |
|
|
|0 0
|1 0
|4 0
|6 DOC_778_997000000000000_BOO
|7 0
|9 13371
|a BO
|b BO
|d 2026-01-15
|i 1732
|l 0
|o DOC 778.997 BOO
|p BO1732
|r 2026-01-15 23:18:20
|w 2026-01-15
|x [Sebina 7] [1 v.]
|y BK
|z 1 v.
|
| 999 |
|
|
|c 11486
|d 11486
|